| 000 | 00866nam a2200229 a 4500 | ||
|---|---|---|---|
| 001 | 53945 | ||
| 003 | BD-RjUL | ||
| 005 | 20211209080041.0 | ||
| 008 | 161029s1985 bg ||||| |||| 00| 0 ben d | ||
| 020 | _c: TK 75.00 | ||
| 035 | _a(BD-RjUL)54067 | ||
| 040 |
_aBD-RjUL _bben _cBD-RjUL |
||
| 041 | _aben | ||
| 082 |
_223 _a700.9 _bJAS 1985 |
||
| 100 |
_aজাহাঙ্গীর, বোরহানউদ্দিন খান _9161090 |
||
| 245 | 1 | 0 |
_aশিল্পকলার ইতিহাস / _c বোরহানউদ্দিন খান জাহাঙ্গীর |
| 260 |
_aঢাকা : _bবাংলা একডেমী, _c১৯৮৫ |
||
| 300 |
_a[১৪], ২০০ পৃ. ; _c২১ সেমি. |
||
| 650 |
_aশিল্পকলা _xইতিহাস _9123573 |
||
| 650 |
_aArts _xHistory _9123725 |
||
| 942 |
_2ddc _cBK |
||
| 999 |
_c53945 _d53945 |
||